Compendio general de topografía teórico práctica
Uloženo v:
| Hlavní autor: | |
|---|---|
| Médium: | Kniha |
| Jazyk: | španělština |
| Vydáno: |
Buenos Aires
Ateneo
1941
|
| Vydání: | 2a. ed |
| Témata: | |
| Tagy: |
Přidat tag
Žádné tagy, Buďte první, kdo vytvoří štítek k tomuto záznamu!
|
MARC
| LEADER | 00000nam a2200000 a 4500 | ||
|---|---|---|---|
| 001 | UCU3217 | ||
| 003 | CL-VaPUC | ||
| 008 | 960502e19410000AG |||||||||||||||||spa|d | ||
| 082 | 0 | 4 | |a 526.98 |b MUL |2 21 |
| 100 | |a Müller, Roberto |e autor |9 360530 | ||
| 245 | 1 | 0 | |a Compendio general de topografía teórico práctica |
| 250 | |a 2a. ed | ||
| 300 | |a v | ||
| 942 | |c BK | ||
| 945 | |d 19960502 00:00:00 |a lriquelm | ||
| 260 | |a Buenos Aires |b Ateneo |c 1941 | ||
| 500 | |a v.2: Taquimetría y confección de planos | ||
| 650 | 0 | |a Topografía |9 260423 | |
| 650 | 7 | |a MAPAS TOPOGRAFICOS |2 CL-VaPUC |9 360022 | |
| 650 | 7 | |a LEVANTAMIENTOS TOPOGRAFICOS |2 CL-VaPUC |9 360023 | |
| 650 | 0 | |a Geomorfología |9 261377 | |
| 583 | |a last modification |c 19960502 00:00:00 |k Rodrigo Vera | ||
| 999 | |c 247303 |d 247301 | ||
| 952 | |0 0 |1 0 |4 0 |6 526_980000000000000_MUL_1941 |7 0 |8 A |9 263126 |a BIBING |b BIBING |d 2019-11-19 |h v.2 |i 1652052 |o 526.98 MUL 1941 |p 1652052 |r 2025-01-20 |w 2019-11-19 |y BK |k CCL | ||